Historia de la filosofía moderna /

Estudio de la filosofía moderna a partir de la interpetación del pensamiento de los filósofos más representantes de esa época, entre los que sobresalen Descartes, Pascal, Spinoza, Malebranche, Leibniz, Wolff, Bacon, Hobbes, Locke, Berkeley, Hume, Kant, Fichte, Schelling y Hegel.

Gespeichert in:
Bibliographische Detailangaben
1. Verfasser: Verneaux, Roger (autor)
Format: Buch
Sprache:Spanisch
Veröffentlicht: Barcelona, España : Herder, 1977, c1968
Ausgabe:3a edición
Schlagworte:
Tags: Tag hinzufügen
Keine Tags, Fügen Sie das erste Tag hinzu!

MARC

LEADER 00000nam^a2200000^a^4500
001 000265830
005 20250521000000.0
009 20260310110732.347
020 |a 84-254-0881-4 
037 |a Acervo Xavier Clavigero 
041 |a ESP 
082 |a 190.  |b VER 
100 |a Verneaux, Roger  |e (autor) 
245 1 0 |a Historia de la filosofía moderna /  |c R. Verneaux ; tr. por Montserrat Kirchner. 
250 |a 3a edición 
264 4 |a Barcelona, España :  |b Herder,  |c 1977, c1968 
300 |a 234 p. 
336 |a texto  |b txt  |2 rdacontenido 
337 |a sin mediación  |b n  |2 rdamedio 
338 |a volumen  |b nc  |2 rdasoporte 
500 |a Traducción de: Historie de la Philosophie Moderne 
520 |a Estudio de la filosofía moderna a partir de la interpetación del pensamiento de los filósofos más representantes de esa época, entre los que sobresalen Descartes, Pascal, Spinoza, Malebranche, Leibniz, Wolff, Bacon, Hobbes, Locke, Berkeley, Hume, Kant, Fichte, Schelling y Hegel. 
649 |a XX 
650 |a Racionalismo -  |x Historia y Crítica 
650 |a Empirismo -  |x Historia y Crítica 
650 |a Criticismo -  |x Historia y Crítica 
650 |a Idealismo -  |z Alemania -  |x Historia y Crítica 
650 |a Filosofía Moderna -  |x Historia y Crítica -  |x Tema Principal 
650 |a Filosofía -  |x Historia y Crítica 
910 |a Fondo General 
920 |a Impresos - Libros 
930 |a Colección General 
905 |a 101 
901 |a 015510  |b IT1  |c ACC  |u 20250521 
901 |a 026366  |b IT1  |c ACC  |u 20250521 
901 |a 015001  |b IT1  |c ACC  |u 20250521 
902 |a https://opac.biblio.iteso.mx/vufind/Record/000265830